000 00356nam a2200145Ia 4500
005 20251222141929.0
008 251222s9999||||xx |||||||||||||| ||spa||
020 _a84-7398-059-X
082 _a342.06/G23/T.1
100 _aGarcĂ­a de Enterria, Eduardo
245 0 _aCurso de Derecho Administrativo
250 _a4a.ed.
264 _bCivitas
942 _cLIB
999 _c8972
_d8972